000 00487nam a2200145Ia 4500
008 100204s9999 xx 000 0 und d
082 _b2759
100 _aटिळक लक्ष्मीबाई
245 _aस्मृतिचिन्हे
260 _b"पॉप्युलर प्रकाशन , मुंबई"
_c1968
300 _a368
630 _aस्मृतिचिन्हे
730 _aस्मृतिचिन्हे
942 _cBOOK
999 _c447786
_d447783